La religiosa instruida con doctrina de la sagrada escritura, y santos padres de la iglesia catholica para todas las operaciones de su vida regular, desde que recibe el Habito Santo, hasta la hora de su muerte (Record no. 8564)

MARC details
000 -CABECERA
campo de control de longitud fija 01116nam a2200229 a 4500
001 - NÚMERO DE CONTROL
campo de control BRCA_8913
005 - FECHA Y HORA DE LA ÚLTIMA TRANSACCIÓN
campo de control 20190320210445.0
008 - DATOS DE LONGITUD FIJA--INFORMACIÓN GENERAL
campo de control de longitud fija 200617s1753----sp-#######---#000-0#spa-#
041 ## - CÓDIGO DE LENGUA
Código de lengua del texto/banda sonora o título independiente spa
044 ## - CÓDIGO DEL PAÍS DE LA ENTIDAD EDITORA/PRODUCTORA
Código MARC del país sp
084 ## - OTRO NÚMERO DE CLASIFICACIÓN
Número de clasificación CO79
Número de documento/Ítem .A58 1753
100 1# - ENTRADA PRINCIPAL--NOMBRE DE PERSONA
Nombre de persona Arbiol, Antonio
9 (RLIN) 22166
245 10 - MENCIÓN DE TÍTULO
Título La religiosa instruida con doctrina de la sagrada escritura, y santos padres de la iglesia catholica para todas las operaciones de su vida regular, desde que recibe el Habito Santo, hasta la hora de su muerte
Mención de responsabilidad, etc. por el R. P. Fr. Antonio Arbiol; se dedica a la Reyna de los Ángeles María Santissima, protectora, y amorosa madre de las fieles Esposas de su Santissimo Hijo.
260 ## - PUBLICACIÓN, DISTRIBUCIÓN, ETC.
Lugar de publicación, distribución, etc. Madrid
Nombre del editor, distribuidor, etc. En la Imprenta de la Causa de la V. M. María de Jesús de Agreda
Fecha de publicación, distribución, etc. 1753
300 ## - DESCRIPCIÓN FÍSICA
Extensión [18], [7], 857 p.
Dimensiones 21 x 16 cm
500 ## - NOTA GENERAL
Nota general Con privilegio
500 ## - NOTA GENERAL
Nota general Estado físico: presenta encuadernación en pergamino y lomo desprendido
650 14 - PUNTO DE ACCESO ADICIONAL DE MATERIA--TÉRMINO DE MATERIA
Término de materia o nombre geográfico como elemento de entrada Monasticismo y ordenes religiosas de mujeres
Subdivisión cronológica Obras anteriores a 1800
9 (RLIN) 22167
650 14 - PUNTO DE ACCESO ADICIONAL DE MATERIA--TÉRMINO DE MATERIA
Término de materia o nombre geográfico como elemento de entrada Vida religiosa
Subdivisión cronológica Obras anteriores a 1800
9 (RLIN) 22168
902 ## - CATALOGADOR
Iniciales CFM
942 ## - ELEMENTOS DE PUNTO DE ACCESO ADICIONAL (KOHA)
Fuente del sistema de clasificación o colocación Library of Congress Classification
Tipo de ítem Koha Libros
Holdings
Estado de retiro Estado de pérdida Estado dañado No para préstamo Localización permanente Ubicación/localización actual Fecha de adquisición Total de préstamos Signatura topográfica completa Código de barras Fecha visto por última vez Precio válido a partir de Tipo de ítem Koha
El ejemplar forma parte de la colección y puede ser consultado según las políticas vigentes.       Biblioteca del Museo Franz Mayer (Rogerio Casas-Alatriste) Biblioteca del Museo Franz Mayer (Rogerio Casas-Alatriste) 20/06/2017   CO79 .A58 1753 CFM00236 22/03/2019 22/03/2019 Libros